000 00794nam a2200241 a 4500
001 42186
003 BD-RjUL
005 20211209053515.0
008 160611s1990 cou b 001 0 eng
020 _a0813380715
035 _a(BD-RjUL)42304
040 _aLC
_beng
_cLC
_dLC
_dBD-RjUL
041 _aeng
082 0 0 _a327.73
_223
_bMOF 1990
100 1 _aMoens, Alexander
_d1959-
_9129738
245 1 0 _aForeign policy under Carter :
_btesting multiple advocacy decision making /
_cAlexander Moens
260 _aBoulder :
_bWestview Press,
_c1990.
300 _axii, 201 p. ;
_c23 cm.
504 _aIncludes bibliographical references and index.
600 1 0 _aCarter, Jimmy,
_d1924-
_9130185
651 0 _aUnited States
_xForeign relations
_y1977-1981
_xDecision making.
_9129740
942 _2ddc
_cBK
999 _c42186
_d42186